The use of spectrometric and separation methods in Tokaj wines authentication
Salvato in:
| Autore principale: | |
|---|---|
| Altri autori: | |
| Natura: | Manoscritto Libro |
| Lingua: | slovacco inglese |
| Pubblicazione: |
2021
|
| Soggetti: | |
| Accesso online: | http://is.stuba.sk/zp/portal_zp.pl?podrobnosti=145764 |
| Tags: |
Nessun Tag, puoi essere il primo ad aggiungerne!!
|
MARC
| LEADER | 00000ntm a22000003a 4500 | ||
|---|---|---|---|
| 001 | stuzp66190 | ||
| 003 | SK-STU | ||
| 005 | 20210828210342.4 | ||
| 007 | ta | ||
| 008 | 150427s2015----xo-----f-mn---000-0-slo-d | ||
| 040 | |a STU |b slo | ||
| 041 | 0 | |a eng | |
| 100 | 1 | |a Khvalbota, Liudmyla |u 041000 |k Z2 |4 aut |U FCHPT Fakulta chemickej a potravinárskej technológie |T FCHPT Ústav analytickej chémie |X 88223 |U C1000 |Y 99 |7 88223 | |
| 242 | 0 | 1 | |a Využitie spektrometrických a separačných metód na autentifikáciu Tokajských vín |y slo |
| 245 | 1 | 0 | |a The use of spectrometric and separation methods in Tokaj wines authentication |
| 260 | |c 2021 | ||
| 650 | 4 | |a UV-VIS |2 slo | |
| 650 | 4 | |a chirálna separácia |2 slo | |
| 650 | 4 | |a autentifikácia |2 slo | |
| 650 | 4 | |a Tokajské vína |2 slo | |
| 650 | 4 | |a dvojrozmerná plynová chromatografia |2 slo | |
| 650 | 4 | |a IR |2 slo | |
| 650 | 4 | |a two-dimensional gas chromatography |2 eng | |
| 650 | 4 | |a chiral separation |2 eng | |
| 650 | 4 | |a authentication |2 eng | |
| 650 | 4 | |a Tokaj wines |2 eng | |
| 650 | 4 | |a UV-VIS |2 eng | |
| 650 | 4 | |a IR |2 eng | |
| 700 | 1 | |a Špánik, Ivan |u 041000 |k Z1 |4 ths |U FCHPT Fakulta chemickej a potravinárskej technológie |T FCHPT Ústav analytickej chémie |X 3910 |U C1000 |Y 99 |7 A000003910 | |
| 856 | 4 | |u http://is.stuba.sk/zp/portal_zp.pl?podrobnosti=145764 | |